Statistics for usa unincorporated territories

Click here to take the quiz!

General Stats

  • This quiz has been taken 42 times
  • The average score is 6 of 13

Answer Stats

regionAnswer% Correct
carribeanpuerto rico
89%
pacificguam
80%
pacificamerican samoa
71%
carribeanunited states virgin islands
69%
pacificnorthern mariana islands
57%
pacificmidway atoll
40%
pacificwake island
31%
pacificbaker island
29%
pacificjohnston atoll
29%
pacificjarvis island
23%
pacifichowland island
20%
pacifickingman reef
20%
carribeannavassa island
20%

Score Distribution

Percentile by Number Answered

Percent of People with Each Score

Your Score History

You have not taken this quiz